|
|
|
|
| LEADER |
00000ny a22000003n 4500 |
| 005 |
20110621180940.0 |
| 006 |
m u |
| 007 |
cr cn||||||||| |
| 008 |
200903r2008 sp |||||s|||||||||||spa d |
| 020 |
|
|
|a 9788498492781
|
| 035 |
|
|
|a 2731
|
| 040 |
|
|
|a FlNmELB
|c FlNmELB
|d vlex
|
| 050 |
1 |
4 |
|a KKH3295
|b R696 2008eb
|
| 080 |
|
|
|a 349.42(37)
|
| 082 |
0 |
4 |
|a 343.076
|2 22
|
| 090 |
|
|
|c 1257
|d 1257
|
| 100 |
1 |
|
|a Rodrg̕uez Lp̤ez, Rosala̕
|
| 245 |
1 |
3 |
|a El huerto en la Roma antigua
|h [Recurso electrn̤ico]
|b su problemt̀ica urbans̕tica y agraria /
|c Rosala̕ Rodrg̕uez Lp̤ez
|
| 256 |
|
|
|a Servicio en ln̕ea
|
| 260 |
|
|
|a Madrid :
|b Dykinson,
|c 2008
|
| 300 |
|
|
|a 298 p.
|
| 506 |
1 |
|
|a Contenido solo disponible en los productos indicados
|d vLex Global
|d vLex Global (Academic Edition, excluding Law Schools)
|d vLex Global (U.S. Academic Edition, Law Schools)
|d vLex Global (U.S. Academic Edition, excluding Law Schools)
|d vLex Global (Academic Edition, Law Schools)
|
| 650 |
0 |
4 |
|a Agricultura
|x Derecho
|z Italia
|
| 740 |
0 |
|
|a vLex Libros (Servicios en ln̕ea)
|
| 856 |
4 |
0 |
|z Acceso restringido
|u http://vlex.com/source/el-huerto-en-la-roma-antigua-2731
|
| 942 |
|
|
|c BOOK
|
| 999 |
|
7 |
|a Agricultural laws and legislation
|z Italy.
|